000 00673nam a2200301Ia 4500
005 20260401122316.0
008 008 250103s9999 xx 000 0 eng d
020 _a9780691137469
037 _aTB
040 _aEDL
040 _beng
040 _cEDL
041 _2eng
041 _aeng
084 _a808 COH
084 _qEDL
100 _aCohen, Ted
_91233199
245 0 _aThinking of Others: On the Talent for Metaphor
245 0 _cCohen, Ted
260 _aPrinceton
260 _bPrinceton University Press
260 _c2008
300 _a89p
942 _cTB
942 _h808 COH
999 _c1846402
_d1846402